000 00412nam a22001817a 4500
003 OSt
005 20211012162143.0
008 211012b |||||||| |||| 00| 0 eng d
020 _a0136364659
040 _cHU
082 _a158.7/SCH
100 _aDUANE SCHULTZ
_912999
245 _aPSYCHOLOGY &WORK TODAY
250 _a7TH
260 _aNEW JERSEY
_bHALL
_c1998
300 _a566P
942 _2ddc
_cBOOKS
_n0
999 _c12106
_d12106